000 00768nam a2200229 i 4500
001 181929
003 ES-MaACL
005 20250911062856.0
008 130507s2012 sp | |||||||| | spa d
020 _a978-84-9895-810-2
080 _a821.134.2-14"19"
100 1 _aMarco, Joaquín,
_d1935-2020
_976466
245 1 0 _aVariaciones sobre un mismo paisaje /
_cJoaquín Marco ; prólogo de Jordi Gracia.
260 _aMadrid :
_bVisor Libros,
_cD.L. 2012.
300 _a99 p. ;
_c20 cm.
490 1 _aColección Visor de poesía ;
_vv. 810
700 1 _aGracia, Jordi.
_959459
830 0 _aColección Visor de poesía
_vv. 810
_9177331
852 _aES-MaACL
_jA-12624
_9188837
_bR.148805
_cDEPO1
_dOlim: N-5626
942 _2udc
_cMONOGRAFIA
999 _c181929
_d181929